| 000 | 01284nam a22002657a 4500 | ||
|---|---|---|---|
| 005 | 20210325205638.0 | ||
| 008 | s2553 th tha d | ||
| 020 | _a9786165260558 | ||
| 041 | _atha | ||
| 050 | _aHN700.55.A8 ค439 2553 | ||
| 245 | 1 | 0 | _aคิดเพื่ออนาคต ถอดโจทย์ประเทศไทย |
| 260 | 3 |
_aกรุงเทพฯ : _bกรีน-ปัญญาญาณ, _c2553 |
|
| 300 |
_a216 หน้า : _b ภาพประกอบ ; _c 21 ซม. |
||
| 650 | 0 | 4 | _aการปฏิรูปสังคม -- ไทย -- สัมนา |
| 650 | 0 | 4 | _aไทย -- ภาวะสังคม -- สัมนา |
| 650 | 0 | 4 | _aปัญหาสังคม -- ไทย -- สัมนา |
| 650 | 0 | 4 | _aการปฏิรูปสังคม -- ไทย -- สัมมนา |
| 650 | 0 | 4 | _aปัญหาสังคม -- ไทย -- สัมมนา |
| 650 | 0 | 4 | _aไทย -- ภาวะสังคม -- สัมมนา |
| 850 | _aNALT | ||
| 942 | _cGB | ||
| 997 | _a39269 ฉ.1 / 39270 ฉ.2 / 39286 ฉ.3 | ||
| 997 | _c000000000064031 | ||
| 998 | _aนางสาวจำเรียง ประสงค์ดี | ||
| 999 |
_c64031 _d64031 |
||